000 01076nam a2200241Ia 4500
999 _c49370
_d49370
001 16287
003 GE_BSU
005 20211215122003.0
008 181216s2013||||ge |||||||||||||| ||geo||
020 _a9789941935510
040 _cGE_BSU
041 _ageo
080 _a342.9(479.22) ტ–92
100 _aტურავა, პაატა
_913296
245 _aზოგადი ადმინისტრაციული სამართლის სახელმძღვანელო /
_cპაატა ტურავა ; ნათია წკეპლაძე.
250 _aმე-2 გადამუშავებული გამოცემა
264 _aთბილისი :
_bიურისტების სამყარო,
_c2013.
300 _a478 გვ.;
_b20 სმ.
653 _aადმინისტრაციული სამართალი
653 _a სახელმძღვანელო
700 _aწკეპლაძე, ნათია
_eავტორი
_93299
942 _cBK
_2udc